000 00243nam a2200097Ia 4500
008 230915s9999 xx 000 0 und d
050 _aHF5635.B44.V.2 2005
100 _aTHOMAS H. BEECHY
245 0 _aINTERMEDIATE ACCOUNTING VOL.2
942 _cBK
999 _c61394
_d61394